000 00635nam a2200241Ia 4500
005 20250425162048.0
008 250425s9999 xx 000 0 und d
020 _a0442319592
041 _aeng
082 _a642.5
100 _aVANEGMOND PANNELL, DOROTHY
245 0 _aSCHOOL FOODSERVICE MANAGEMENT
250 _a4TH ED.
260 _aEstados Unidos
_bVAN NOSTRAND REINHOLD
_c1990
260 _aNEW YORK
300 _a275
650 _aMANEJO DE LOS ALIMENTOS
650 _aPLANIFICACION ALIMENTARIA
650 _aRESTAURANTES, CAFETERIAS, ETC.
650 _aSERVICIOS ALIMENTARIOS
942 _c01
010 _a45337
999 _c221598
_d221598